Geography Quiz

Random Geography or World Quiz

Highest IDP Percentages Quiz Stats

 Plays Quiz not verified by Sporcle

Score 0/20 Timer 05:00
0 Plays Today
Rank Country % Correct
5.Iraq
85.6%
3.Sudan
80.4%
2.Somalia
73.2%
12.Democratic Republic of the Congo
68%
15.Chad
63.9%
6.Zimbabwe
56.7%
14.Syria
56.7%
4.Lebanon
52.6%
16.Turkey
51.5%
17.Yemen
47.4%
Rank Country % Correct
10.Central African Republic
46.4%
19.Kosovo
46.4%
11.Serbia
45.4%
20.Burundi
45.4%
9.Georgia
43.3%
7.Colombia
39.2%
13.Bosnia and Herzegovina
38.1%
8.Azerbaijan
37.1%
18.Sri Lanka
35.1%
1.Cyprus
14.4%

You're not logged in!

Compare scores with friends on all Sporcle quizzes.
OR
Log In

Show Comments

Extras

Top Quizzes Today


Score Distribution

Your Account Isn't Verified!

In order to create a playlist on Sporcle, you need to verify the email address you used during registration. Go to your Sporcle Settings to finish the process.

Report this User

Report this user for behavior that violates our Community Guidelines.

Details: